An introduction to spatial data science with GeoDa: (Record no. 44266)

MARC details
003 - CONTROL NUMBER IDENTIFIER
control field 0000
005 - DATE AND TIME OF LATEST TRANSACTION
control field 20260407115148.0
020 ## - INTERNATIONAL STANDARD BOOK NUMBER
International Standard Book Number 9781032713021
040 ## - CATALOGING SOURCE
Description conventions rda
050 ## - LIBRARY OF CONGRESS CALL NUMBER
Classification number G 70.4
Item number .A57 2024
100 ## - MAIN ENTRY--PERSONAL NAME
Relator code Author
Personal name Anselin, Luc
245 ## - TITLE STATEMENT
Title An introduction to spatial data science with GeoDa:
Remainder of title clustering spatial data/
Statement of responsibility, etc Luc Anselin.
264 ## - PUBLICATION, DISTRIBUTION, ETC. (IMPRINT)
Place of publication, distribution, etc Boca Raton
Name of publisher, distributor, etc CRC Press
Date of publication, distribution, etc 2024
300 ## - PHYSICAL DESCRIPTION
Extent xix, 217p.
Other physical details ill.:
336 ## - CONTENT TYPE
Source rdacontent
338 ## - CARRIER TYPE
Source rdacarrier
500 ## - GENERAL NOTE
General note includes Bibliography and Index
648 ## - SUBJECT ADDED ENTRY--CHRONOLOGICAL TERM
Source of heading or term Spatial Data Science
942 ## - ADDED ENTRY ELEMENTS (KOHA)
Source of classification or shelving scheme Library of Congress Classification
Koha item type Books
Holdings
Withdrawn status Lost status Source of classification or shelving scheme Damaged status Not for loan Permanent Location Current Location Date acquired Total Checkouts Full call number Barcode Date last seen Price effective from Koha item type
    Library of Congress Classification     NILE UNIVERSITY OF NIGERIA - MAIN LIBRARY NILE UNIVERSITY OF NIGERIA - MAIN LIBRARY 04/07/2026   G 70.4 .A57 2024 0199637 04/07/2026 04/07/2026 Books